000 00816nas a2200265 4500
001 BR9701678
003 BR-BrBNA
005 20231205100056.0
007 ta
008 230509b bl.|||p| |||| 00| 00por d
040 _aBR-BrBNA
_bpor
_cBiblioteca Nacional de Agricultura
041 _a(Pt)
072 _aL02
100 1 _aBerchielli, T.T.
100 1 _aRodriguez, N.M.
100 1 _aGoncalves, L.C.
245 1 _aPolietilenoglicol e cobalto-EDTA como marcadores da fase liquida ruminal
650 _aRuminante
650 _aDieta
650 _aConcentrado Energetico
650 _aRuminacao
773 0 _tArquivo Brasileiro de Medicina Veterinaria e Zootecnia (Brazil)
_xISSN 0102-0935
_g(Aug 1996), v. 48(4) p. 463-471
_wBR9701678
909 _a202311
_bLúcia
_c55
_dLúcia Elande
942 _2AGRIS
_n0
_cANA
999 _c154260
_d154260